Erfolgreichste Filme der 2000er nach Zitat - Statistiken

Allgemein
  • Dieses Quiz wurde 258 mal gespielt
  • Das Durchschnittsergebnis liegt bei 10 aus 20
Antwortstatistiken
Hint Antwort % Korrekt
Sieh mich an. Ich weiß noch nicht einmal ob ich schwarz bin, mit weißen Streifen oder ob ich weiß bin, mit schwarzen Streifen. Madagascar
81%
Ein Ring sie zu knechten, sie alle zu finden,
ins Dunkel zu treiben und ewig zu binden.
Im Lande Mordor, wo die Schatten drohn.
Der Herr der Ringe: Die Gefährten
77%
Einfach schwimmen, einfach schwimmen, einfach schwimmen, schwimmen, schwimmen! Findet Nemo
70%
...weil wir so schön sind, so schlau sind, so rank und prank, werden wir Miss Waikiki! (T)Raumschiff Surprise – Periode 1
70%
Expecto Patronum! Harry Potter und der Gefangene von Askaban
66%
Sie bringen die Hobbits nach Isengart! Der Herr der Ringe: Die zwei Türme
61%
Na ja, auch wenn Sie ihn nicht sehr mögen, eines können Sie nicht bestreiten: Dumbledore hat echt Stil. Harry Potter und der Orden des Phönix
61%
Es verlangt sehr viel Tapferkeit, sich seinen Feinden in den Weg zu stellen, aber wesentlich mehr noch, sich seinen Freunden in den Weg zu stellen. Harry Potter und der Stein der Weisen
60%
Den Spinnen folgen… Wieso müssen es unbedingt Spinnen sein? Wieso können wir nicht den Schmetterlingen folgen? Harry Potter und die Kammer des Schreckens
57%
Muh Muh Muh - Wir spielen blinde Kuh!
Mühe Mühe Mühe - Wir spielen blinde Kühe!
7 Zwerge – Männer allein im Wald
55%
Ich halte die Opfer unter den Eingeborenen so gering wie möglich. Ich treibe sie erst mal mit Tränengas raus. Ganz human - mehr oder weniger. Avatar – Aufbruch nach Pandora
55%
Meine Freunde, ihr verneigt euch vor niemandem. Der Herr der Ringe: Die Rückkehr des Königs
49%
Ich bin mit der Gesamtsituation unzufrieden! Der Schuh des Manitu
43%
Vor uns liegen dunkle, schwere Zeiten, Harry. Schon bald müssen wir uns entscheiden zwischen dem richtigen Weg und dem leichten. Harry Potter und der Feuerkelch
41%
Habt ihr ein Opossum gesehen, ca. 3 Meter groß? Ice Age 2 – Jetzt taut's
41%
Haben sie Spreewaldgurken? Good Bye, Lenin
38%
Das Leben ist herzlos, wieso sollte es nach dem Tod anders sein? Pirates of the Caribbean – Fluch der Karibik 2
31%
Hey, Kinder, kommt jetzt, "Aussterben" könnt ihr später spielen! Ice Age
29%
"Warum heißt die eigentlich Schlucht des Todes?"
"Erst wollten wir sie die ‚große, müffelnde Spalte nennen, aber dann fingen alle an zu kichern."
Ice Age 3 – Die Dinosaurier sind los
25%
Das ist ein toller Anfang für eine Unterhaltung! Ah, ein halbwegs vernünftiger Mensch würde sich jetzt hemmungslos betrinken! Was Frauen wollen
21%
Keine übereinstimmenden Quizze gefunden
Verteilung der Resultate
Anzahl Personen mit jedem Resultat
Perzentil nach korrekt beantworteten Fragen
Ihre Resultats-Entwicklung
Sie haben dieses Quiz noch nicht gespielt